História da Companhia de Jesus no Brasil /

La História da Companhia de Jesus no Brasil, del padre Leite, constituye una obra de referencia no sólo sobre el trabajo de los jesuitas en el país, sino en general sobre la evolución del mismo, pues los jesuitas llegaron prácticamente junto con los colonizadores. Como el libro detalla, jugaron un p...

Повний опис

Збережено в:
Бібліографічні деталі
Автор: Leite, Serafim (autor)
Інші автори: Weffort, Francisco (presentación) (presentación), Santos, Cesar Augusto dos (presentación) (presentación), Campos, João Carlos Rocha (introducción) (introducción)
Формат: Книга
Мова:Португальська
Опубліковано: São Paulo, Brasil Loyola, 2004, c2004
Предмети:
Теги: Додати тег
Немає тегів, Будьте першим, хто поставить тег для цього запису!

MARC

LEADER 00000nam^a2200000^a^4500
001 000183963
005 20250526000000.0
009 20260310102058.384
037 |a Acervo ITESO - Biblioteca 
041 |a POR 
082 |a 255. 530098103  |b LEI 
100 |a Leite, Serafim  |e (autor) 
245 1 0 |a História da Companhia de Jesus no Brasil /  |c S. Leite ; presen. de F. Weffort, C.A. dos Antos ; introd. de J.C. Rocha Campos. 
264 4 |a São Paulo, Brasil  |b Loyola,  |c 2004, c2004 
300 |a 4 v. (XVII, 624, 654, 591, 219 p.) +  |e 1 disco compacto de computadora ;  |c 31.0 cm. 
336 |a texto  |b txt  |2 rdacontenido 
337 |a sin mediación  |b n  |2 rdamedio 
338 |a volumen  |b nc  |2 rdasoporte 
520 |a La História da Companhia de Jesus no Brasil, del padre Leite, constituye una obra de referencia no sólo sobre el trabajo de los jesuitas en el país, sino en general sobre la evolución del mismo, pues los jesuitas llegaron prácticamente junto con los colonizadores. Como el libro detalla, jugaron un papel central en la exploración de los vastos territorios interiores y en la fundación y desarrollo de muchas de las poblaciones. La obra original del padre Leite está organizada en nueve libros, que en la presente edición se agrupan en cuatro volúmenes (el último de ellos, el índice); incluye asimismo un CD con imágenes de la obra. 
649 |a XX 
650 |a Jesuitas en Brasil -  |x Historia -  |y Epoca Colonial, 1549-1822 
650 |a Jesuitas en la Educación -  |z Brasil -  |x Historia -  |y Epoca Colonial, 1549-1822 
650 |a Monasticismo y Ordenes Religiosas -  |z Brasil -  |x Historia -  |y Epoca Colonial, 1549-1822 
650 |a Evangelización -  |z Brasil -  |x Historia -  |y Epoca Colonial, 1549-1822 
650 |a Misiones -  |z Brasil -  |x Historia -  |y Epoca Colonial, 1549-1822 
650 |a Iglesia Católica en Brasil -  |x Historia -  |y Epoca Colonial, 1549-1822 
650 |a Catolicismo -  |z Brasil -  |x Historia -  |y Epoca Colonial, 1549-1822 
650 |a Cristianismo -  |z Brasil -  |x Historia -  |y Epoca Colonial, 1549-1822 
650 |a Religión -  |z Brasil -  |x Historia -  |y Epoca Colonial, 1549-1822 
650 |a Arte Religioso -  |z Brasil -  |x Historia y Crítica 
650 |a Arte Virreinal -  |z Brasil -  |x Historia y Crítica 
650 |a Arte Brasileño -  |x Historia y Crítica 
650 |a Brasil -  |x Historia -  |y Epoca Colonial, 1549-1822 
700 |a Weffort, Francisco  |e (presentación) 
700 |a Santos, Cesar Augusto dos  |e (presentación) 
700 |a Campos, João Carlos Rocha  |e (introducción) 
910 |a Fondo General 
920 |a Impresos - Libros 
930 |a Libros Antiguos y Raros 
940 |a Jesuitas 
905 |a 108 
901 |a 0500124827  |b IT2  |c LRA  |u 20250526 
901 |a 0500124804  |b IT2  |c LRA  |u 20250526 
901 |a 0500124801  |b IT2  |c LRA  |u 20250526 
901 |a 0500124984  |b IT2  |c LRA  |u 20250526 
901 |a 0500124987  |b IT2  |c LRA  |u 20250526 
902 |a https://opac.biblio.iteso.mx/vufind/Record/000183963